[Event "Manhems Elo 2014"]
[Site "?"]
[Date "2014.08.09"]
[Round "1"]
[White "Wiklund, Robert"]
[Black "Ljunggren, Jacob"]
[Result "0-1"]
[WhiteElo "1921"]
[BlackElo "1865"]
[Annotator "Doe,John"]
[PlyCount "108"]

1. e4 c5 2. c3 d5 3. exd5 Qxd5 4. d4 e6 5. Nf3 Nf6 6. Na3 cxd4 7. Nb5 Na6 8.
Nfxd4 Be7 9. Be3 O-O 10. Qc2 Bd7 11. c4 Bb4+ 12. Nc3 Qa5 13. Bd2 Qe5+ 14. Be3
Ne4 15. Bd3 Ba4 16. Qxa4 Nxc3 17. Qd7 Nc5 18. Nf3 Qxe3+ 19. fxe3 Nxd7 20. a3
Ba5 21. b4 Bc7 22. Kd2 Na4 23. c5 Nb2 24. Be2 Ne5 25. Rhc1 Rad8+ 26. Kc2 Nbd3
27. Rd1 Nxf3 28. Bxf3 Ne5 29. Bxb7 Ng4 30. Rd3 Rxd3 31. Kxd3 Rd8+ 32. Ke2 Bxh2
33. b5 Nf6 34. a4 Nd5 35. Bxd5 Rxd5 36. Rc1 Bc7 37. Rc4 Kf8 38. e4 Rd8 39. Rb4
Ba5 40. Rb2 Ke7 41. Ke3 e5 42. Rc2 {(=)} Rd4 43. c6 Kd8 44. Rc5 f6 45. Rd5+ Kc7
46. Rxd4 Bb6 47. Kd3 exd4 48. g4 h6 49. Kc4 Kd6 50. Kd3 Kc5 51. Kd2 Kb4 52. Kd3
g6 53. Kd2 Kxa4 54. Kd3 Kxb5 0-1

[Event "Manhems Elo 2014"]
[Site "?"]
[Date "2014.08.09"]
[Round "1"]
[White "Lappas, Georgios"]
[Black "Björkeroth, Johan"]
[Result "0-1"]
[WhiteElo "1859"]
[BlackElo "2002"]
[PlyCount "82"]

1. e4 b6 2. Nf3 Bb7 3. d3 e6 4. Qe2 Nf6 5. g3 Be7 6. Bg2 O-O 7. O-O d5 8. e5
Nfd7 9. Re1 c5 10. Nbd2 Nc6 11. c4 Nb4 12. Nf1 Rc8 13. h4 dxc4 14. dxc4 Qc7 15.
N1h2 b5 16. h5 bxc4 17. Bf4 Nd3 18. Ng4 Qb6 19. Red1 Rfd8 20. b3 Nxf4 21. gxf4
c3 22. Ne3 Qb4 23. Nc4 Ba6 24. f5 Nb6 25. fxe6 Nxc4 26. exf7+ Kxf7 27. bxc4
Rxd1+ 28. Qxd1 Qxc4 29. Ng5+ Ke8 30. e6 Qd4 31. Qf3 Qf6 32. Qxf6 Bxf6 33. Ne4
Bd3 34. Nd6+ Kd8 35. Nxc8 Kxc8 36. Bh3 Kd8 37. Rd1 c4 38. Rc1 c2 39. Bf1 Ke7
40. Rxc2 Bxc2 41. Bxc4 Bf5 0-1

[Event "Manhems Elo 2014"]
[Site "?"]
[Date "2014.08.09"]
[Round "1"]
[White "Hattab , Hashim"]
[Black "Wesslén, Ulf"]
[Result "0-1"]
[WhiteElo "2002"]
[BlackElo "2010"]
[PlyCount "100"]

1. d4 f5 2. c4 e6 3. Nc3 Nf6 4. e3 b6 5. Nf3 Bb7 6. Bd3 Bb4 7. Bd2 O-O 8. a3
Bxc3 9. Bxc3 Ne4 10. Rc1 d5 11. b3 Nd7 12. Bb2 c5 13. O-O Rc8 14. b4 Qe7 15.
dxc5 bxc5 16. b5 Rfd8 17. Qb3 Kh8 18. Qa4 Nb6 19. Qa5 Nd6 20. cxd5 Bxd5 21. Ra1
Nb7 22. Qe1 Bxf3 23. gxf3 Rxd3 24. Rd1 Rxd1 25. Qxd1 c4 26. Be5 Rd8 27. Qe2 Nc5
28. Kh1 Nd3 29. Ba1 Qh4 30. Rg1 Rd7 31. Rg3 Nd5 32. a4 Nf6 33. a5 Nxf2+ 34. Kg2
Nd1 35. b6 axb6 36. axb6 c3 37. b7 Qb4 38. Kh3 Qxb7 39. Qc4 Qd5 40. Qc8+ Rd8
41. Qc7 Qd7 42. Qc5 Rc8 43. Qe5 Qf7 44. Bxc3 Nxc3 45. Kg2 Ncd5 46. Kh1 Rc1+ 47.
Kg2 Rc2+ 48. Kg1 Qb7 49. Kh1 Qb2 50. Rg1 Qxe5 0-1

Event "Manhem IM 2014"]

[Event "Manhems Elo 2014"]
[Site "?"]
[Date "2014.08.10"]
[Round "2"]
[White "Björkeroth, Johan"]
[Black "Wiklund, Robert"]
[Result "1-0"]
[WhiteElo "2002"]
[BlackElo "1849"]
[PlyCount "63"]
[SourceDate "2014.08.10"]

1. e4 c5 2. Nc3 Nc6 3. g3 d6 4. Bg2 Nf6 5. d3 e5 6. Nge2 Be7 7. O-O O-O 8. f4
Bg4 9. h3 Bxe2 10. Nxe2 Qb6 11. Kh2 Nd7 12. f5 Nd4 13. Nc3 Rfe8 14. Nd5 Qc6 15.
a4 Qc8 16. g4 c4 17. g5 f6 18. h4 cxd3 19. cxd3 Qc2 20. Qh5 Rac8 21. Be3 Qxd3
22. Bxd4 Qxd4 23. Rac1 Rxc1 24. Qxe8+ Bf8 25. Rxc1 Qf2 26. Qxd7 Qxh4+ 27. Kg1
Qxg5 28. Qe6+ Kh8 29. Rc8 h5 30. Rxf8+ Kh7 31. Qg8+ Kh6 32. Qh8# 1-0

[Event "Manhems Elo 2014"]
[Site "?"]
[Date "2014.08.10"]
[Round "2"]
[White "Ljunggren, Jacob"]
[Black "Hattab, Hashim"]
[Result "1-0"]
[WhiteElo "1865"]
[BlackElo "2002"]
[PlyCount "93"]

1. d4 Nf6 2. c4 g6 3. Nc3 Bg7 4. e4 d6 5. Nf3 O-O 6. Be2 e5 7. O-O Nc6 8. d5
Ne7 9. b4 Ne8 10. Ne1 f5 11. f3 f4 12. c5 g5 13. a4 a5 14. Ba3 axb4 15. Bxb4 b6
16. cxb6 cxb6 17. Nb5 h5 18. Rc1 Rf7 19. Nd3 Bf8 20. Nxd6 Nxd6 21. Nxe5 Rg7 22.
Nc4 Ng6 23. Bc3 Nxc4 24. Bxc4 Rc7 25. d6+ Rxc4 26. Qd5+ Kh7 27. Qxc4 Qxd6 28.
Qf7+ Kh6 29. Rfd1 Qe6 30. Qc7 Bc5+ 31. Kh1 Ne7 32. h4 Rxa4 33. Qd8 Qf7 34. Qh8+
Kg6 35. hxg5 Kxg5 36. Rd8 Be6 37. Qe5+ Bf5 38. exf5 Qxf5 39. Qg7+ Qg6 40. Qe5+
Nf5 41. Rg8 Be7 42. Rxg6+ Kxg6 43. Qe6+ Kg5 44. Qg8+ Kh4 45. Be1+ Ng3+ 46. Kh2
Bg5 47. Qc8 1-0

[Event "Manhems Elo 2014"]
[Site "?"]
[Date "2014.08.10"]
[Round "2"]
[White "Wesslén, Ulf"]
[Black "Troberg Eskola, Love"]
[Result "1-0"]
[WhiteElo "2010"]
[BlackElo "1497"]
[PlyCount "125"]

1. e4 e5 2. Nf3 Nc6 3. Bc4 Nf6 4. Ng5 d5 5. exd5 Na5 6. Bb5+ c6 7. dxc6 bxc6 8.
Be2 h6 9. Nh3 Bd6 10. d4 O-O 11. dxe5 Bxe5 12. Qxd8 Rxd8 13. Nf4 Bf5 14. Nd3
Bxd3 15. Bxd3 Rab8 16. Nd2 Nb7 17. Nc4 Bd4 18. Bf4 Re8+ 19. Kd2 Rbd8 20. Be3
Nc5 21. Rae1 Nfe4+ 22. Ke2 Nxd3 23. cxd3 Nc5 24. Rd1 f5 25. g3 g5 26. b4 Na4
27. Kf3 Nc3 28. Rd2 Nb5 29. a4 Nc3 30. Rc1 Nxa4 31. Na5 c5 32. Nc6 Bxe3 33.
fxe3 Rd7 34. b5 Rb7 35. Rc4 Nb6 36. Rxc5 Rf8 37. Ra2 Nd7 38. Rd5 Nb6 39. Rd6
Nc8 40. Rxh6 Kg7 41. Re6 Rxb5 42. Nxa7 Kf7 43. Rc6 Ne7 44. Rc7 Rb3 45. Nc6 Re8
46. Raa7 Rc3 47. Rxe7+ Rxe7 48. Nxe7 Rxd3 49. Nxf5+ Kf6 50. Ke4 Rb3 51. Ra6+
Kf7 52. h4 gxh4 53. Nxh4 Rb4+ 54. Kf5 Rb5+ 55. Kf4 Rb4+ 56. e4 Rb1 57. Nf5 Rf1+
58. Ke5 Kg8 59. Kf6 Rh1 60. e5 Kh8 61. Kg6 Rh6+ 62. Kxh6 Kg8 63. Rf6 1-0

[Event "Manhem IM 2014"]
[Site "www.ssmanhem.se"]
[Date "2014.08.10"]
[Round "2"]
[White "Åkesson, Joel"]
[Black "Poley, Vladimir"]
[Result "0-1"]
[WhiteElo "2283"]
[BlackElo "2290"]
[PlyCount "24"]
[EventDate "2014.??.??"]

1. c4 e6 2. Nf3 d5 3. d4 a6 4. cxd5 exd5 5. Nc3 h6 6. Bf4 Nf6 7. e3 Be7 8. Bd3
O-O 9. h3 Re8 10. Qc2 Nc6 11. a3 Bd6 12. Bxd6 Qxd6 {O

[Event "Manhems Elo 2014"]
[Site "?"]
[Date "2014.08.11"]
[Round "3"]
[White "Hattab, Hashim"]
[Black "Björkeroth, Johan"]
[Result "0-1"]
[WhiteElo "2002"]
[BlackElo "2002"]
[PlyCount "164"]
[EventDate "2014.??.??"]
[SourceDate "2014.08.11"]

1. d4 Nf6 2. c4 e6 3. Nc3 Bb4 4. e3 b6 5. Bd3 Bb7 6. f3 Nh5 7. Nge2 Bxc3+ 8.
Nxc3 Qh4+ 9. Kd2 Nc6 10. a3 Qg5 11. Kc2 Qxg2+ 12. Bd2 O-O-O 13. Rg1 Qh3 14. Qe2
Nf4 15. Qf2 Nxd3 16. Kxd3 Rhg8 17. Rg3 Qh4 18. e4 Qe7 19. b4 d6 20. Kc2 h6 21.
f4 Qf6 22. Be3 Ne7 23. Rf1 d5 24. cxd5 exd5 25. e5 Qf5+ 26. Kb2 g6 27. Rc1 Kb8
28. Bd2 Rc8 29. Nd1 h5 30. Re3 Qe6 31. Rec3 Ba6 32. Ne3 Bb5 33. Be1 Nf5 34. Qd2
Nxe3 35. Qxe3 Qg4 36. h3 Qe6 37. Bh4 Kb7 38. Bg5 c6 39. Qg3 Ra8 40. Qh4 Rge8
41. Bf6 a5 42. Ra1 axb4 43. axb4 Rxa1 44. Kxa1 Ra8+ 45. Kb2 Bc4 46. Qg5 Ra2+
47. Kb1 Rd2 48. Ra3 Rxd4 49. f5 gxf5 50. Qg8 Ba6 51. b5 Rb4+ 52. Kc1 cxb5 53.
Kd2 Rc4 54. Qf8 b4 55. Rg3 Rd4+ 56. Ke1 Re4+ 57. Kf2 d4 58. Qxb4 Qa2+ 59. Kg1
Qa1+ 60. Kh2 Re2+ 61. Rg2 Rxg2+ 62. Kxg2 Qf1+ 63. Kg3 Qg1+ 64. Kh4 Qf2+ 65.
Kxh5 Qf3+ 66. Kh6 Qxh3+ 67. Kg7 Qg2+ 68. Kxf7 Qd5+ 69. e6 Bc4 70. Qe7+ Ka6 71.
Qa3+ Kb7 72. Qe7+ Ka6 73. Qa3+ Kb5 74. Qb2+ Bb3 75. Bxd4 Qxe6+ 76. Kg7 f4 77.
Bf2 Qg8+ 78. Kh6 Qe6+ 79. Kg5 f3 80. Qd4 Qd5+ 81. Kf4 Qxd4+ 82. Bxd4 Bd5 0-1

[Event "Manhems Elo 2014"]
[Site "?"]
[Date "2014.08.11"]
[Round "3"]
[White "Troberg Eskola, Love"]
[Black "Ljungren, Jacob"]
[Result "0-1"]
[WhiteElo "1497"]
[BlackElo "1865"]
[PlyCount "68"]
[EventDate "2014.??.??"]

1. e4 c5 2. Nf3 g6 3. d4 cxd4 4. Nxd4 Nc6 5. c4 Bg7 6. Be3 Nf6 7. Nc3 d6 8. f3
O-O 9. Qd2 Nxd4 10. Bxd4 Be6 11. Be2 Rc8 12. b3 Qa5 13. Rc1 Rfd8 14. O-O a6 15.
Rfd1 b5 16. Nd5 Qxd2 17. Nxf6+ Bxf6 18. Rxd2 Bg5 19. Rdc2 Bxc1 20. Rxc1 bxc4
21. bxc4 Rc6 22. c5 Rdc8 23. a4 dxc5 24. Bc3 Bb3 25. a5 Ba4 26. Rb1 c4 27. Kf2
Bb5 28. Ke3 Rd8 29. f4 Rcd6 30. e5 Rd3+ 31. Bxd3 Rxd3+ 32. Ke4 Rxc3 33. g4 Rd3
34. h4 Bc6# 0-1

[Event "Manhems Elo 2014"]
[Site "?"]
[Date "2014.08.11"]
[Round "4"]
[White "Björkeroth, Johan"]
[Black "Troberg Eskola, Love"]
[Result "1-0"]
[WhiteElo "2002"]
[BlackElo "1497"]
[PlyCount "41"]

1. e4 c5 2. Nc3 Nc6 3. g3 g6 4. Bg2 Bg7 5. d3 e6 6. Be3 b6 7. Qd2 Bb7 8. Nge2
Nge7 9. Bh6 O-O 10. h4 d5 11. h5 d4 12. Bxg7 Kxg7 13. hxg6 dxc3 14. Qh6+ Kf6
15. e5+ Nxe5 16. g7+ N7g6 17. gxf8=Q Qxf8 18. Qxf8 Rxf8 19. Bxb7 cxb2 20. Rb1
c4 21. d4 1-0

[Event "Manhems Elo 2014"]
[Site "?"]
[Date "2014.08.11"]
[Round "4"]
[White "Lappas, Georgiops"]
[Black "Wiklund, Robert"]
[Result "1-0"]
[WhiteElo "1859"]
[BlackElo "1921"]
[PlyCount "99"]

1. e4 e5 2. Nf3 Nf6 3. Nxe5 d6 4. Nf3 Nxe4 5. Nc3 Nxc3 6. dxc3 Bg4 7. Be3 Be7
8. Qd2 O-O 9. h3 Bxf3 10. gxf3 Nc6 11. O-O-O Qd7 12. h4 Qf5 13. h5 Qxf3 14. Be2
Qf5 15. Rdg1 Ne5 16. f4 Nd7 17. Bg4 Qb5 18. h6 g6 19. Be2 Qa4 20. Kb1 Nc5 21.
f5 Bf6 22. Bxc5 dxc5 23. fxg6 hxg6 24. Bd3 Rad8 25. Qg2 g5 26. Qf3 Qc6 27. Qf5
Rfe8 28. Rxg5+ Bxg5 29. Qxg5+ Kf8 30. Qg7+ Ke7 31. Re1+ Kd7 32. Bf5+ Re6 33.
Bxe6+ Qxe6 34. Rxe6 Kxe6 35. Kc1 Rd5 36. Qg4+ Kd6 37. h7 b5 38. h8=Q Re5 39.
Qh6+ Re6 40. Qd2+ Kc6 41. Qf3+ Kb6 42. Qxf7 Rd6 43. Qe2 a5 44. b3 Rc6 45. a4
bxa4 46. bxa4 c4 47. Qe5 Rc5 48. Qfe6+ c6 49. Qb8+ Ka6 50. Qec8# 1-0

[Event "Manhems Elo 2014"]
[Site "?"]
[Date "2014.08.12"]
[Round "5"]
[White "Wesslén, Ulf"]
[Black "Ljunggren, Jacob"]
[Result "1-0"]
[WhiteElo "2010"]
[BlackElo "1865"]
[PlyCount "71"]

1. e4 e5 2. Nf3 Nc6 3. Bb5 a6 4. Ba4 Nf6 5. O-O Be7 6. Re1 b5 7. Bb3 O-O 8. c3
d5 9. exd5 Nxd5 10. Nxe5 Nxe5 11. Rxe5 c6 12. d4 Bd6 13. Re1 Qh4 14. g3 Qh3 15.
Re4 g5 16. Qf1 Qh5 17. a4 Nf6 18. Bd1 Qg6 19. Re1 Bf5 20. Nd2 Rae8 21. Nf3 Bd3
22. Be2 Rxe2 23. Rxe2 Qh5 24. Kg2 Bf5 25. Ng1 Nd5 26. axb5 axb5 27. Re1 Kh8 28.
Qe2 Bg4 29. Qe4 f5 30. Qe6 f4 31. Qxd6 f3+ 32. Kh1 Rf6 33. Re7 Rf7 34. Qe5+ Nf6
35. Qxf6+ Rxf6 36. Ra8+ 1-0

[Event "Manhems Elo 2014"]
[Site "?"]
[Date "2014.08.12"]
[Round "5"]
[White "Hattab, Hashim"]
[Black "Lappas, Georgios"]
[Result "1-0"]
[WhiteElo "2002"]
[BlackElo "1859"]
[PlyCount "109"]

1. d4 f5 2. c4 e6 3. Nc3 Nf6 4. Nf3 Be7 5. g3 O-O 6. Bg2 d6 7. O-O Qe8 8. Re1
Qg6 9. Qb3 Ne4 10. e3 Nxc3 11. Qxc3 a5 12. Nd2 Nc6 13. d5 Bf6 14. Qb3 a4 15.
Qd1 Nb4 16. Nf3 e5 17. a3 Na6 18. Qxa4 Qh6 19. h4 Kh8 20. Rb1 Qg6 21. Bd2 h6
22. b4 Qf7 23. Qc2 b6 24. Bc3 g5 25. hxg5 hxg5 26. Kf1 Kg7 27. Ke2 Rh8 28. Rh1
Bd7 29. Qb2 b5 30. Rxh8 Rxh8 31. c5 Qe7 32. c6 Be8 33. Rh1 Rxh1 34. Bxh1 Bh5
35. Ke1 Bg6 36. Kd1 Qf7 37. Qd2 Qg8 38. Kc1 Bf7 39. e4 Kf8 40. Ne1 g4 41. Kb2
Bg5 42. Qd3 Qh7 43. Bg2 Qh6 44. exf5 Bc1+ 45. Kb3 Qf6 46. Be4 Qd8 47. Qxb5 Qa8
48. Nc2 Qa7 49. Be1 Nc5+ 50. bxc5 dxc5 51. f6 Kg8 52. Ba5 c4+ 53. Kxc4 Bxa3 54.
Bb4 Bxb4 55. Kxb4 1-0

[Event "Manhems Elo 2014"]
[Site "?"]
[Date "2014.08.13"]
[Round "6"]
[White "Lappas, Georgios"]
[Black "Troberg Eskola, Love"]
[Result "1-0"]
[WhiteElo "1859"]
[BlackElo "1497"]
[PlyCount "59"]
[EventDate "2014.??.??"]
[SourceDate "2014.08.13"]

1. Nf3 Nf6 2. g3 g6 3. Bg2 Bg7 4. d3 d5 5. Nbd2 O-O 6. O-O Bd7 7. h3 c5 8. c4
Bc6 9. Re1 Nbd7 10. Qc2 e6 11. e4 dxe4 12. dxe4 e5 13. Nh4 Ne8 14. Nf1 Nc7 15.
Ne3 Ne6 16. Nf3 Nd4 17. Nxd4 exd4 18. Nd5 Bxd5 19. exd5 Qc7 20. Bf4 Be5 21.
Bxe5 Nxe5 22. f4 Nd7 23. Re7 Rfe8 24. Rae1 Kf8 25. Qe2 Rxe7 26. Qxe7+ Kg7 27.
d6 Qd8 28. Bd5 Qxe7 29. Rxe7 Nf6 30. Rxf7+ 1-0

[Event "Manhems Elo 2014"]
[Site "?"]
[Date "2014.08.13"]
[Round "6"]
[White "Wiklund, Robert"]
[Black "Hattab, Hashim"]
[Result "0-1"]
[WhiteElo "1921"]
[BlackElo "2002"]
[PlyCount "62"]
[EventDate "2014.??.??"]

1. e4 d6 2. d4 Nf6 3. Nc3 g6 4. f4 Bg7 5. e5 Nfd7 6. Nf3 c5 7. exd6 cxd4 8.
Nxd4 O-O 9. dxe7 Qxe7+ 10. Be2 Qh4+ 11. g3 Qe7 12. O-O Qc5 13. Be3 Nc6 14. Ncb5
a6 15. Nc7 Bxd4 16. Bxd4 Nxd4 17. Kh1 Qc6+ 18. Bf3 Nxf3 19. Qxf3 Qxc7 20. c3
Qc6 21. Qxc6 bxc6 22. Rfe1 Nf6 23. c4 Bh3 24. Re7 Rfd8 25. Rc7 Rd2 26. b3 Re8
27. Ra7 Ree2 28. Ra8+ Kg7 29. Rxa6 Rxh2+ 30. Kg1 Rdg2+ 31. Kf1 Rh1# 0-1

[Event "Manhems Elo 2014"]
[Site "?"]
[Date "2014.08.13"]
[Round "6"]
[White "Björkeroth, Johan"]
[Black "Wesslén, Ulf"]
[Result "1-0"]
[WhiteElo "2002"]
[BlackElo "2010"]
[PlyCount "31"]
[EventDate "2014.??.??"]

1. e4 e6 2. b3 d5 3. Bb2 Nf6 4. e5 Nfd7 5. Qg4 c5 6. f4 Nc6 7. Nf3 f5 8. Qh3 b6
9. g4 Be7 10. gxf5 exf5 11. Rg1 Nf8 12. Bb5 Qc7 13. Rxg7 h5 14. Nc3 Qd7 15.
Rxe7+ Kxe7 16. Qh4+ 1-0

[Event "Manhems Elo 2014"]
[Site "?"]
[Date "2014.08.13"]
[Round "7"]
[White "Ljunggren, Jacob"]
[Black "Björkeroth, Johan"]
[Result "0-1"]
[WhiteElo "1865"]
[BlackElo "2002"]
[PlyCount "82"]
[EventDate "2014.??.??"]

1. Nf3 Nf6 2. c4 e6 3. g3 d5 4. Bg2 c6 5. O-O Bd6 6. d4 O-O 7. Qc2 Nbd7 8. Nbd2
e5 9. cxd5 cxd5 10. dxe5 Nxe5 11. Nxe5 Bxe5 12. Nf3 Bc7 13. Bg5 Bb6 14. Rad1 h6
15. Bxf6 Qxf6 16. Rxd5 Be6 17. Rd6 Rac8 18. Qe4 Bc5 19. Rxe6 Qxe6 20. Qxe6 fxe6
21. Bh3 Rfe8 22. Rd1 Rc6 23. Rd7 b5 24. Nd4 Bxd4 25. Rxd4 a5 26. a3 Rc2 27. b4
Rc4 28. Rd6 axb4 29. axb4 Rxb4 30. Bxe6+ Kf8 31. Rb6 Rd4 32. Bb3 Re5 33. e3 Rd2
34. Rb8+ Ke7 35. Rb7+ Kd6 36. Rxg7 Rf5 37. Rg6+ Kc7 38. Rxh6 Rfxf2 39. e4 Rg2+
40. Kh1 Rge2 41. Rh7+ Kb6 0-1